000
00254nam a22001217a 4500
008
181220b xxu||||| |||| 00| 0 eng d
041
_a
eng
080
_2
5th
_a
530
100
_a
43
101
_a
FIZ
245
_a
Physics
_c
Bennett,C.E
942
_2
udc
_c
BK
999
_c
53544
_d
53544